R v Cotswold DC ex p. Barrington Parish Council (Record no. 54889)
[ view plain ]
| 000 -LEADER | |
|---|---|
| fixed length control field | 01848cab a2200277 4500 |
| 001 - CONTROL NUMBER | |
| control field | ABS58940 |
| 008 - FIXED-LENGTH DATA ELEMENTS--GENERAL INFORMATION | |
| fixed length control field | 090401t1998 xxu||||| |||| 00| 0 eng d |
| 035 ## - SYSTEM CONTROL NUMBER | |
| System control number | (Sirsi) u87099 |
| 041 ## - LANGUAGE CODE | |
| Language code of text/sound track or separate title | eng |
| 245 ## - TITLE STATEMENT | |
| Title | R v Cotswold DC ex p. Barrington Parish Council |
| 260 ## - PUBLICATION, DISTRIBUTION, ETC. | |
| Date of publication, distribution, etc. | 1998 |
| 350 ## - PRICE (NR) (BK AM CF MU VM SE) [OBSOLETE] | |
| Price | 0 |
| 490 ## - SERIES STATEMENT | |
| Series statement | Property, planning & compensation reports |
| Volume/sequential designation | [1998] 75 P&CR 515-532(18) |
| 520 ## - SUMMARY, ETC. | |
| Summary, etc. | QBD 24 April 1997. The application site was a disused military air base 3 miles outside the parish boundary. The first respondents wrote to the applicants stating that they would try to keep them informed on progress in planning the future of the site. A draft planning brief was produced in 1995 and the applicants did not respond during the public consultation process. Planning permission was granted in 1996 for refurbishmet works to existing houses and change of use of land to residential curtilage. The applicants were not consulted on the application and eight weeks after permission was granted applied for judicial review of the decision on the grounds that, among other things, they had not been consulted. "Held" the applicants had sufficient interest in the matter and there was no good resaon to extend time as there was no reasonable or legitimate expectation for consultation. Application for leave dismissed. |
| 650 ## - SUBJECT ADDED ENTRY--TOPICAL TERM | |
| Topical term or geographic name entry element | CCSU V MINISTER FOR THE CIVIL SERVCIE |
| 650 ## - SUBJECT ADDED ENTRY--TOPICAL TERM | |
| Topical term or geographic name entry element | CONSULTATION |
| 650 ## - SUBJECT ADDED ENTRY--TOPICAL TERM | |
| Topical term or geographic name entry element | EXTENSION OF TIME |
| 650 ## - SUBJECT ADDED ENTRY--TOPICAL TERM | |
| Topical term or geographic name entry element | PLANNING BRIEF |
| 650 ## - SUBJECT ADDED ENTRY--TOPICAL TERM | |
| Topical term or geographic name entry element | R V HM INSPECTORATE OF POLLUTION AND ANOTHER EX P GREENPEACE |
| 650 ## - SUBJECT ADDED ENTRY--TOPICAL TERM | |
| Topical term or geographic name entry element | R V SOS TRANSPORT EX P PRESVAC ENGINEERING LTD AND ANOTHER |
| 650 ## - SUBJECT ADDED ENTRY--TOPICAL TERM | |
| Topical term or geographic name entry element | R V STRATFORD UPON AVON DC AND ANOTHER EX P JACKSON |
| 650 ## - SUBJECT ADDED ENTRY--TOPICAL TERM | |
| Topical term or geographic name entry element | BUILT ENVIRONMENT-BUILDING MAINTENANCE AND REFURBISHMENT |
| 690 ## - LOCAL SUBJECT ADDED ENTRY--TOPICAL TERM (OCLC, RLIN) | |
| Topical term or geographic name as entry element | PLANNING LAW AND PRACTICE-CASE LAW |
| 942 ## - ADDED ENTRY ELEMENTS (KOHA) | |
| Suppress in OPAC | 0 |
| 948 ## - LOCAL PROCESSING INFORMATION (OCLC); SERIES PART DESIGNATOR (RLIN) | |
| c (OCLC) | 30/06/1998 |
| Withdrawn status | Lost status | Source of classification or shelving scheme | Damaged status | Not for loan | Home library | Current library | Shelving location | Date acquired | Total Checkouts | Full call number | Barcode | Date last seen | Copy number | Price effective from | Koha item type |
|---|---|---|---|---|---|---|---|---|---|---|---|---|---|---|---|
| Dewey Decimal Classification | London | London | Journal article | 14/09/1999 | ABS58940 | 87099-1001 | 06/08/2019 | 1 | 06/08/2019 | Law report |